How to Manage Public Investment during a Postcrisis Recovery /

Public investment is likely to be an important component of any postcrisis recovery program. As countries work to ensure a smart, green, fair recovery, investing in modern, resilient, and efficient infrastructure assets will be key. This How to Note discusses how countries should manage public inves...

ver descrição completa

Detalhes bibliográficos
Autor principal: Allen, Richard
Outros Autores: Tandberg, Eivind
Formato: Periódico
Idioma:English
Publicado em: Washington, D.C. : International Monetary Fund, 2021.
Colecção:IMF How To Notes; How-To Note ; No 2021/007
Assuntos:
Acesso em linha:Full text available on IMF
LEADER 01874cas a2200313 a 4500
001 AALejournalIMF021827
008 230101c9999 xx r poo 0 0eng d
020 |c 5.00 USD 
020 |z 9781513584416 
022 |a 2522-7912 
040 |a BD-DhAAL  |c BD-DhAAL 
100 1 |a Allen, Richard. 
245 1 0 |a How to Manage Public Investment during a Postcrisis Recovery /  |c Richard Allen, Eivind Tandberg. 
264 1 |a Washington, D.C. :  |b International Monetary Fund,  |c 2021. 
300 |a 1 online resource (24 pages) 
490 1 |a IMF How To Notes 
500 |a <strong>Off-Campus Access:</strong> No User ID or Password Required 
500 |a <strong>On-Campus Access:</strong> No User ID or Password Required 
506 |a Electronic access restricted to authorized BRAC University faculty, staff and students 
520 3 |a Public investment is likely to be an important component of any postcrisis recovery program. As countries work to ensure a smart, green, fair recovery, investing in modern, resilient, and efficient infrastructure assets will be key. This How to Note discusses how countries should manage public investments to recover from the COVID-19 pandemic and similar crises. It provides countries with guidance on making efficient use of public investment to support economic recovery on three different capacity levels: basic, medium, and advanced. 
538 |a Mode of access: Internet 
650 7 |a Foreign Exchange  |2 imf 
650 7 |a Informal Economy  |2 imf 
650 7 |a National Government Expenditures and Related Policies  |2 imf 
650 7 |a Other Public Investment and Capital Stock  |2 imf 
650 7 |a Underground Econom  |2 imf 
700 1 |a Tandberg, Eivind. 
830 0 |a IMF How To Notes; How-To Note ;  |v No 2021/007 
856 4 0 |z Full text available on IMF  |u http://elibrary.imf.org/view/journals/061/2021/007/061.2021.issue-007-en.xml  |z IMF e-Library